000 nam a22 a 4500
999 _c4344
_d4344
003 AKMAL
005 20170529094203.0
008 170529s2011 my | e l 000 0 may d
020 _a9789678921527 (kkt.)
_cRM 17.50
040 _aBNM
_cAKMAL
082 0 4 _a345.595025 MAL
_222
090 0 0 _a345.595025
_bMAL
245 1 0 _aAkta Antipemerdagangan Orang dan Antipenyeludupan Migran 2007 (Akta 670) & Anti-Trafficking in Persons and Anti-smuggling of Migrants Act 2007 (Act 670) :
_b(hingga 5hb Januari 2012) /
_cdisusun oleh Lembaga Penyelidikan Undang-Undang
246 3 1 _aAnti-Trafficking in Persons Act 2007 (Act 670)
260 _aPetaling Jaya :
_bInternational Law Book Services,
_c2012
300 _a112ms. ;
_c24cm.
490 1 _aUndang-undang Malaysia
546 _aTeks sejajar bahasa Malaysia dan bahasa Inggeris
650 1 0 _aHuman trafficking
_xLaw and legislation
_zMalaysia
_98464
650 2 0 _aHuman trafficking
_xLaw and legislation
_98465
710 2 _aLembaga Penyelidikan Undang-Undang
_98466
830 0 _aUNDANG-UNDANG MALAYSIA
_98467
942 _2ddc
_cBOOK